Bibliografia príležitostných básní

Bibliographic Details
Main Author: Tichá, Mária (Author)
Format: Book
Language:Undetermined
PhysicalDescription:94, 5 s.
Published: Martin Matica slovenská 1964
Edition:2. vyd.

MARC

LEADER 00000nam a2200000 a 4500
001 vtls001468801
003 SK-MaSNL
005 20260301140926.0
008 240314s1964 xo 0 und
035 |a SNK000424106 
040 |a SNK  |b slo  |c SNK  |e AACR2 
044 |a xo  |c SK 
100 1 |a Tichá, Mária  |4 aut  |9 325438 
245 1 0 |a Bibliografia príležitostných básní 
250 |a 2. vyd. 
260 |a Martin  |b Matica slovenská  |c 1964 
300 |a 94, 5 s. 
958 |a OND 
999 |c 765468  |d 767398 
952 |t P60, <04>, [BOOK], {604}  |a SNK  |b SNK  |y VYP  |7 0  |p 17A0413817  |o snkSD 26560 D11  |i snkK 1936/65  |0 0  |1 0  |4 0  |d 2004-02-18  |l 0  |r 2005-01-02 00:00:00  |w 2026-02-24